000 01696cam a2200493 i 4500
001 21569030
003 OSt
005 20230629065243.0
008 200618t20212021enka b 001 0 eng d
010 _a 2020940791
015 _aGBC114721
_2bnb
016 7 _a020096313
_2Uk
020 _a9781529752755
_qhardcover
020 _a1529752752
_qhardcover
020 _a9781529752748
_qpaperback
020 _a1529752744
_qpaperback
020 _z9781529756012
_qelectronic publication
020 _z9781529756036 (PDF ebook)
035 _a(OCoLC)on1242811271
040 _aUKMGB
_beng
_cNIRUC
_erda
_dOCLCO
_dOCLCF
_dZAQ
_dFIE
_dYDX
_dVU@
_dVVC
_dUKMGB
_dDLC
042 _alccopycat
050 0 0 _aHM742
_b.F83 2021
082 0 4 _a302.23/1
_223
100 1 _aFuchs, Christian,
_d1976-
_eauthor.
245 1 0 _aSocial media :
_ba critical introduction /
_cChristian Fuchs.
250 _a3rd edition.
264 1 _aLondon ;
_aLos Angeles ;
_aNew Delhi ;
_aSingapore ;
_aWashington, DC ;
_aMelbourne :
_bSAGE,
_c2021.
264 4 _c©2021
300 _axvii, 428p. :
_bill. ;
_c25 cm
336 _atext
_btxt
_2rdacontent
336 _astill image
_2rdacontent
337 _aunmediated
_bn
_2rdamedia
338 _avolume
_bnc
_2rdacarrier
500 _aPrevious edition: 2017.
504 _aIncludes bibliographical references (pages 387-411) and index.
520 _cProvided by publisher.
650 0 _aSocial media.
650 7 _aSocial media.
_2fast
776 0 8 _iebook version :
_z9781529756012
906 _a7
_bcbc
_ccopycat
_d2
_encip
_f20
_gy-gencatlg
942 _2lcc
_cBK
_n0
999 _c309
_d309